Statistics for Fotballklubber i norske serier for menn (2020)

Click here to take the quiz!

General Stats

  • This quiz has been taken 143 times
    (87 since last reset)
  • The average score is 38 of 60

Answer Stats

NivåFylkeFotballklubb% Correct
EliteNordlandBodø/Glimt
99%
EliteTrøndelagRosenborg
97%
EliteMøre og RomsdalMolde
96%
2. div, avd 2TrøndelagRosenborg 2
96%
EliteVestlandBrann
93%
EliteOsloVålerenga
93%
2. div, avd 1OsloVålerenga 2
93%
EliteRogalandViking
93%
EliteMøre og RomsdalAalesund
92%
1. divVikenLillestrøm
90%
EliteVikenStrømsgodset
90%
EliteAgderStart
89%
1. divTroms og FinnmarkTromsø
87%
EliteMøre og RomsdalKristiansund
86%
EliteRogalandHaugesund
83%
EliteVestfold og TelemarkOdd
83%
2. div, avd 2Vestfold og TelemarkOdd 2
83%
1. divInnlandetHam-Kam
82%
1. divTrøndelagRanheim
82%
EliteVikenSarpsborg 08
79%
EliteVikenMjøndalen
77%
2. div, avd 1Troms og FinnmarkAlta
76%
2. div, avd 1VikenFredrikstad
76%
EliteVestfold og TelemarkSandefjord
76%
1. divRogalandSandnes Ulf
76%
EliteVikenStabæk
75%
1. divVestlandSogndal
73%
2. div, avd 1OsloSkeid
70%
1. divInnlandetKongsvinger
69%
1. divVestlandÅsane
68%
2. div, avd 2RogalandBryne
66%
1. divOsloKFUM
62%
2. div, avd 1Troms og FinnmarkTromsdalen
61%
1. divAgderJerv
59%
2. div, avd 1VikenMoss
58%
1. divTrøndelagStjørdals-Blink
58%
1. divVikenUllensaker/Kisa
55%
1. divOsloGrorud
54%
1. divInnlandetRaufoss
54%
2. div, avd 2AgderArendal
52%
2. div, avd 1Møre og RomsdalHødd
51%
2. div, avd 2VikenAsker
49%
1. divVikenStrømmen
46%
2. div, avd 2VikenBærum
45%
2. div, avd 2Vestfold og TelemarkFram Larvik
44%
2. div, avd 2Vestold og TelemarkNotodden
44%
2. div, avd 1TrøndelagLevanger
41%
2. div, avd 2RogalandEgersund
39%
2. div, avd 1VikenKvik Halden
39%
1. divVestlandØygarden
39%
2. div, avd 1OsloKjelsås
38%
2. div, avd 2AgderFløy
31%
2. div, avd 2VestlandSotra
31%
2. div, avd 2RogalandVard Haugesund
31%
2. div, avd 1VestlandFlorø
28%
2. div, avd 2TrøndelagNardo
28%
2. div, avd 1VikenEidsvold Turn
25%
2. div, avd 1Møre og RomsdalBrattvåg
24%
2. div, avd 1Troms og FinnmarkSenja
21%
2. div, avd 1Troms og FinnmarkFløya
18%

Score Distribution

Percentile by Number Answered

Percent of People with Each Score

Your Score History

You have not taken this quiz since the last reset